|
|
|
|
| LEADER |
00000nam a2200000 a 4500 |
| 001 |
vtls001278686 |
| 003 |
SK-MaSNL |
| 005 |
20260302032521.0 |
| 008 |
251113s1996 xr af y slo |
| 020 |
|
|
|a 8071811076
|c b.c.
|
| 035 |
|
|
|a SNK000230008
|
| 035 |
|
|
|a urn:nbn:sk:snk-amlm0q
|
| 035 |
|
|
|a urn:nbn:sk:snk-am00bwhk
|
| 035 |
|
|
|a 627C0B3A-4B64-475F-914E-1F75E2107EFE
|
| 040 |
|
|
|a SNK
|b slo
|c SNK
|e AACR2
|
| 041 |
0 |
|
|a slo
|
| 044 |
|
|
|a CZ
|
| 080 |
|
|
|a 930.9"19"(084.12)
|2 1981
|
| 245 |
0 |
|
|a Míľniky 20. storočia
|c autori textu François Bost ... [et al.] ; ilustrácie Claude Delamarre ... [et al.] ; [z francúzskeho originálu preložili Milada Hanáková a Juraj Roháč]
|
| 260 |
|
|
|a Praha
|b Cesty
|c 1996
|e Martin
|f Neografia
|
| 300 |
|
|
|a S. 1729-1824, [5] s.
|c 31 cm
|
| 490 |
1 |
|
|a Ilustrované dejiny sveta
|v zv. 19
|
| 650 |
0 |
7 |
|a dejiny svetové
|y stor. 20.
|x knihy ilustrované
|2 SNK
|9 455252
|
| 700 |
1 |
|
|a Bost, François
|4 aut
|9 455253
|
| 700 |
1 |
|
|a Delamarre, Claude
|4 ill
|9 455254
|
| 830 |
|
0 |
|a Ilustrované dejiny sveta
|9 276476
|
| 919 |
|
|
|a 80-7181-107-6
|
| 999 |
|
|
|c 1057021
|d 1058951
|
| 952 |
|
|
|t P60, <03>, [BOOK], {603}
|a SNK
|b SNK
|y PREZ
|7 0
|p 17A0052695
|o snkSB 56675
|i snkKSP 2629/97
|0 0
|1 0
|4 0
|d 1997-03-07
|f 1
|l 0
|r 2025-04-02 00:00:00
|w 2026-02-24
|
| 952 |
|
|
|a SNK
|b SNK
|y VYP
|7 0
|p 17A1394392
|o snkSB 56675 D1
|i snk2020/4037
|8 7
|0 0
|1 0
|4 0
|d 2020-02-19
|l 0
|r 2026-02-24 15:15:07
|w 2026-02-24
|